| 000 | 01324nam a2200361Ia 4500 | ||
|---|---|---|---|
| 001 | Z_6776 | ||
| 003 | CHAP | ||
| 005 | 20241002135026.0 | ||
| 008 | 220113s2015 xx 000 0 und d | ||
| 010 | _a170054 | ||
| 040 | _cCHAP | ||
| 090 | _aTesis C33 2448 | ||
| 100 |
_aCáceres Ocampos, Luisa María Elvira _9130460 |
||
| 245 |
_aIndices de contaminación atmosférica y productividad de vacas jersey y sus cruzas con holstein en pastoreo / _cLuisa María Elvira Cáceres Ocampos |
||
| 260 |
_aMéxico : _bEl autor, _c2015 |
||
| 300 | _aCD | ||
| 502 | _aTesis (Maestro en Ciencias en Innovación Ganadera) -- UACh, 2015 \ Dirección: José Guadalupe García Muñiz; asesoría: Alejandro Lara Bueno y Luis Alberto Miranda Romero | ||
| 650 |
_aCruzas _9143439 |
||
| 650 |
_aDigestibilidad _9144243 |
||
| 650 |
_aFermentación in vitro _9145910 |
||
| 650 |
_aGanado bovino _9138033 |
||
| 650 |
_aGEI _9145911 |
||
| 650 |
_aRazas jersey _xholstein _9145912 |
||
| 700 |
_a Lara Bueno, Alejandro, asesor _9145121 |
||
| 700 | 1 |
_a Miranda Romero, Luis Alberto _9142242 |
|
| 700 |
_aGarcía Muñiz, José Guadalupe, director _9145134 |
||
| 856 | 4 | 2 |
_uhttp://10.13.5.2/tesis/sist112245.pdf _yDescargar PDF |
| 901 | _aTESIS C33 2448 | ||
| 902 | _aM | ||
| 910 | _a2015 | ||
| 942 |
_c2 _2ddc |
||
| 942 |
_c2 _2ddc |
||
| 999 |
_c170054 _d170054 |
||